University Home | Library Home | Institutional Repository

Thirty years in Nyasaland (Record no. 216603)

MARC details
000 -LEADER
fixed length control field 00891nam a22001817a 4500
005 - DATE AND TIME OF LATEST TRANSACTION
control field 20260415081407.0
008 - FIXED-LENGTH DATA ELEMENTS--GENERAL INFORMATION
fixed length control field 260415b |||||||| |||| 00| 0 eng d
040 ## - CATALOGING SOURCE
Original cataloging agency LC
Transcribing agency UNZA
Modifying agency UNZA
Description conventions RDA
050 ## - LIBRARY OF CONGRESS CALL NUMBER
Classification number ZAMB BV 365
Item number AMB
100 ## - MAIN ENTRY--PERSONAL NAME
Personal name Ambali, Augustine
245 ## - TITLE STATEMENT
Title Thirty years in Nyasaland
Statement of responsibility, etc. Augustine Ambali
260 ## - PUBLICATION, DISTRIBUTION, ETC.
Place of publication, distribution, etc. London :
Name of publisher, distributor, etc. Universities’ Mission to Central Africa,
Date of publication, distribution, etc. [n.d].
300 ## - PHYSICAL DESCRIPTION
Extent 63 pages :
Other physical details illustrations.
504 ## - BIBLIOGRAPHY, ETC. NOTE
Bibliography, etc. note A historical and missionary account of the early work of the Universities' Mission to Central Africa<br/>Describes social, religious, and political conditions in Nyasaland during the mid-19th century<br/>Includes observations on indigenous communities, missionary challenges, and the influence of Christianity
650 ## - SUBJECT ADDED ENTRY--TOPICAL TERM
Topical term or geographic name entry element Missions,
General subdivision Anglican
-- History
Geographic subdivision Malawi.
650 ## - SUBJECT ADDED ENTRY--TOPICAL TERM
Topical term or geographic name entry element Universities' Mission to Central Africa
General subdivision History.
942 ## - ADDED ENTRY ELEMENTS (KOHA)
Koha item type Zambian collection
999 ## -
-- 216603
-- 216603
Holdings
Withdrawn status Lost status Source of classification or shelving scheme Damaged status Not for loan Home library Current library Shelving location Date acquired Total Checkouts Full call number Barcode Date last seen Copy number Price effective from Koha item type
    Library of Congress Classification     Main Library Main Library Special collections 04/15/2026   ZAMB BV 365 AMB 33729001861561 04/15/2026 C.1 04/15/2026 Zambian collection
© 2026 - The University of Zambia Library - Koha v25.11